000 00777nam a22002057a 4500
999 _c371326
_d371326
008 201127b ||||| |||| 00| 0 eng d
040 _aDE-2950
_bger
_cDE-2950
_erda
041 _ager
245 _aDie Geschichte (n) hinter den Bildern.
_bStadthistorie: Der ehemalige, langjährige Stadtarchivar Ralf-Rüdiger Targiel hat ein neues Buch veröffentlicht.
264 _c2022
653 _aFrankfurt (Oder)
653 _aStadtarchiv
653 _aTargiel, Ralf-Rüdiger; Archivar, 1953-
653 _aBuchveröffentlichung 2021
773 _dFrankfurt (Oder) Märkisches Verlags- und Druckhaus GmbH & Co KG
_tMärkische Oderzeitung
_g33. Jahrgang (2022) Nr. 14 vom 18.01.2022, S. 15
942 _cA